London Underground - Jubilee Line - Statistics

General Stats
  • This quiz has been taken 70 times
  • The average score is 19 of 27
Answer Stats
Answer % Correct
Baker Street
87%
Canada Water
87%
Green Park
80%
Bermondsey
77%
Canary Wharf
77%
Dollis Hill
77%
London Bridge
77%
Stanmore
77%
Stratford
77%
Waterloo
77%
West Ham
73%
Kilburn
70%
North Greenwich
70%
Queensbury
70%
Southwark
70%
Wembley Park
70%
Westminster
70%
Bond Street
67%
Neasden
67%
Swiss Cottage
67%
Canning Town
63%
Finchley Road
63%
Kingsbury
63%
St John's Wood
60%
West Hampstead
60%
Willesden Green
60%
Canons Park
57%
No matching quizzes found
Score Distribution
Percent of People with Each Score
Percentile by Number Answered
Your Score History
You have not taken this quiz